01273nam a22003134a 4500001001200000003000800012006001900020007001500039008004100054010001700095020002800112040002100140035002000161050002300181082001600204245011300220260006300333300002500396490004300421504005300464533015200517650003700669655002900706700001900735700001800754710001700772830004400789856012600833ebr10047007CaPaEBRm u cr cn|||||||||000908s2000 ne a sb 001 0 eng  z 00047810  z0792366638 (alk. paper) aCaPaEBRcCaPaEBR a(OCoLC)5436036214aQA11b.E285 2000eb04a510/.7122100aEducation for mathematics in the workplaceh[electronic resource] /cedited by Annie Bessot and Jim Ridgway. aDordrecht ;aBoston :bKluwer Academic Publishers,cc2000. axxiv, 265 p. :bill.1 aMathematics education library ;vv. 24 aIncludes bibliographical references and indexes. aElectronic reproduction.bPalo Alto, Calif. :cebrary,d2013.nAvailable via World Wide Web.nAccess may be limited to ebrary affiliated libraries. 0aMathematicsxStudy and teaching. 7aElectronic books.2local1 aBessot, Annie.1 aRidgway, Jim.2 aebrary, Inc. 0aMathematics education library ;vv. 24.40uhttp://site.ebrary.com/lib/rucke/Doc?id=10047007zAn electronic book accessible through the World Wide Web; click to view